| 000 | 00000nam##2200000za#4500 |
| 001 | 9.698260 |
| 003 | CaOODSP |
| 005 | 20210624235840 |
| 007 | cr ||||||||||| |
| 008 | 150407|2011||||xxc|||||o f|0| 0 eng|d |
| 040 | |aCaOODSP|beng |
| 043 | |an-cn--- |
| 086 | 1 |aMR4-27/2011E-PDF |
| 110 | 2 |aCanadian Institutes of Health Research. |
| 245 | 10|aCanada's strategy for patient-oriented research : |h[electronic resource]|bimproving health outcomes through evidence-informed care |
| 260 | |aMontreal - Quebec : |bCanadian Institutes of Health Research |cAugust 2011. |
| 300 | |a40p.|bfigs., references |
| 590 | |a13-18-Supp|b2013-08-01 |
| 690 | 07|aHealth care|2gcpds |
| 690 | 07|aResearch|2gcpds |
| 775 | 08|tStratégie de recherche axée sur le patient du Canada : |w(CaOODSP)9.642273 |
| 856 | 40|ahttp://publications.gc.ca|qPDF|s551 KB|uhttps://publications.gc.ca/collections/collection_2013/irsc-cihr/MR4-27-2011-eng.pdf |